LIBRARY & INFORMATION CENTRE, KCAET, TAVANUR

ONLINE PUBLIC ACCESS CATALOGUE (OPAC)

Higher Engineering Mathematics (Record no. 14193)

MARC details
000 -LEADER
fixed length control field 00441nam a22001817a 4500
003 - CONTROL NUMBER IDENTIFIER
control field OSt
008 - FIXED-LENGTH DATA ELEMENTS--GENERAL INFORMATION
fixed length control field 230215b |||||||| |||| 00| 0 eng d
020 ## - INTERNATIONAL STANDARD BOOK NUMBER
ISBN 9788174091955
041 ## - LANGUAGE CODE
Language code of text/sound track or separate title eng
082 ## - DEWEY DECIMAL CLASSIFICATION NUMBER
Classification number 519.062
Item number GRE/HI
100 ## - MAIN ENTRY--AUTHOR NAME
Personal name Grewal, B S
245 ## - TITLE STATEMENT
Title Higher Engineering Mathematics
250 ## - EDITION STATEMENT
Edition statement 43
260 ## - PUBLICATION, DISTRIBUTION, ETC. (IMPRINT)
Place of publication New Delhi
Name of publisher khanna Publishers
Year of publication 2014
300 ## - PHYSICAL DESCRIPTION
Number of Pages 1315
650 ## - SUBJECT ADDED ENTRY--TOPICAL TERM
Topical Term Engineering Mathamatics
942 ## - ADDED ENTRY ELEMENTS (KOHA)
Koha item type Books
Holdings
Withdrawn status Lost status Damaged status Home library Current library Shelving location Date acquired Cost, normal purchase price Full call number Accession Number Koha item type Collection code
      KAUAET KAUAET General Stacks 03/06/2016 0.00 519.062 GRE/HI 25014 Books  
      KAUAET KAUAET General Stacks 03/06/2016   519.062 GRE/HI 25015 Books  
      KAUAET KAUAET General Stacks 03/06/2016   519.062 GRE/HI 25016 Books  
      KAUAET KAUAET General Stacks 03/06/2016   519.062 GRE/HI 25017 Books  
      KAUAET KAUAET General Stacks 03/06/2016   519.062 GRE/HI 25018 Books  
      KAUAET KAUAET General Stacks 03/06/2016   519.062 GRE/HI 25019 Books  
      KAUAET KAUAET General Stacks 03/06/2016   519.062 GRE/HI 25020 Books  
      KAUAET KAUAET General Stacks 03/06/2016   519.062 GRE/HI 25021 Books  
      KAUAET KAUAET General Stacks 03/06/2016   519.062 GRE/HI 25022 Books  
      KAUAET KAUAET General Stacks 03/06/2016   519.062 GRE/HI 25023 Books  
      KAUAET KAUAET   29/05/2018 625.00 519.062 GRE/HI BB 387 Book Bank scheme for SC students  
      KAUAET KAUAET General Stacks 24/05/2019 625.00 519.062 GRE/HI 25922 Books Non-fiction
      KAUAET KAUAET General Stacks 24/05/2019 625.00 519.062 GRE/HI 25923 Books Non-fiction
      KAUAET KAUAET General Stacks 24/05/2019 625.00 519.062 GRE/HI 25924 Books Non-fiction
      KAUAET KAUAET General Stacks 24/05/2019 625.00 519.062 GRE/HI 25925 Books Non-fiction
      KAUAET KAUAET General Stacks 24/05/2019 625.00 519.062 GRE/HI 25926 Books Non-fiction
      KAUAET KAUAET Scheme 31/05/2019 625.00 519.062 GRE/HI BB 504 Book Bank scheme for SC students Non-fiction
      KAUAET KAUAET Scheme 31/05/2019 625.00 519.062 GRE/HI BB 503 Book Bank scheme for SC students Non-fiction
free website counter